1973 1516 1069 1397 1913 1301 1535 1364 1468 1851 1890 1916 1760 1346 1511 1814 1107 1003 1030 1917 1633 1856 1143 1840 1750 1428 1613 1173 1999 1705 1185 1994 1847 1469 1398 1820 1603 1199 1895 1359 1728 1284 1130 1713 1977 1639 1935 1454 1630 1658 1308 1058 1153 1659 1296 1693 1804 1364 1433 1063 1494 1571 1335 1210 1948 1992 1346 1167 1308 1548 1844 1628 1217 1582 1069 1059 1349 1993 1655 1649 1071 1858 1691 1918 1852 1603 1707 1343 1222 1574 1571 1856 1264 1604 1051 1520 1893 1541 1404 BCNSPRNW ULIB Ver.6.0+V

เปลี่ยนเป็นภาษาไทย

Change to English
 แสดงรายละเอียดบรรณานุกรม
  กลับหน้าหลัก

Brief Record : Get Marc (ISO 2709) : E-mail record : QR code < ปิดหน้าต่าง
LEADER : 00000nam 2200000uu 4500
001    13399109289
003     ULIB
008    110327s2549||||th 000 0 tha d
020    9749477782
060 04 WM55^bอ332ก 2549
100 0  อรพรรณ ลือบุญธวัชชัย
245 10 การให้คำปรึกษาทางสุขภาพ /^cอรพรรณ ลือบุญธวัชชัย
250    พิมพ์ครั้งที่ 1
260    กรุงเทพฯ :^bธนาเพรส,^c2549
300    186 หน้า ;^c26 ซม.
650  7 ผู้ป่วย^xการให้คำปรึกษา
650  7 การแนะแนวสุขภาพ
650  7 การให้คำปรึกษาครอบครัว
945    ^p165^l0^i020510
945    ^p165^l0^i021542
945    ^p165^l0^i021541
945    ^p165^l0^i021540
945    ^p165^l0^i020509
995    ทศพร
999 ^a ใช้งานได้ทุกระบบ
รายการนี้ยังไม่มีแท็ก
คุณยังไม่ได้ล็อกอิน คุณสามารถมีกิจกรรมร่วมกับเว็บไซต์ได้ แต่ต้องล็อกอินก่อน ::
  ล็อกอิน

รายการสื่อสารสนเทศ

ลำดับที่ ประเภท เลขเรียก/บาร์โค้ด สถานที่ สถานะ
- ไม่พบข้อมูล -

รายการใกล้เคียง
    ผู้แต่ง [อรพรรณ ลือบุญธวัชชัย]

    หัวเรื่อง [การแนะแนวสุขภาพ]
    หัวเรื่อง [การให้คำปรึกษาครอบครัว]

BibComment


ยังไม่เคยถูกคอมเมนท์

คอมเมนท์ทรัพยากรรายการนี้
  คอมเมนท์: การให้คำปรึกษาทาง..


 Copyright 2026. Bcnsprnw @Library